[Event "2. BUNDESLIGA MITTE 2017/2018"]
[Site "St. Valentin, Pinggau/Villach/Taufkirchen, Fuerstenfeld, St. Veit"]
[Date "2017.11.26"]
[Round "6"]
[Board "3"]
[White "Kuba, Guenter"]
[Black "Genser, Harald"]
[Result "1-0"]
[WhiteElo "2336"]
[BlackElo "2296"]
[PlyCount "73"]
[EventDate "2017.10.27"]
[EventType "team"]
[EventRounds "11"]
[EventCountry "AUT"]
[WhiteTeam "SPG Fuerstenfeld/Hartberg"]
[BlackTeam "SC DieKlagenfurter"]

1. e4 e6 2. d4 d5 3. Nd2 c5 4. exd5 Qxd5 5. dxc5 Nf6 6. Ngf3 Nbd7 7. Bc4 Qxc5
8. O-O Be7 9. a3 O-O 10. Bd3 b6 11. b4 Qh5 12. c4 a5 13. Rb1 axb4 14. axb4 Bb7
15. Re1 Rfd8 16. Qb3 Bd6 17. Bb2 Ng4 18. h3 Nge5 19. Be4 Bxe4 20. Rxe4 Nxf3+
21. Nxf3 Be7 22. Rd1 Nf6 23. Red4 Rxd4 24. Bxd4 b5 25. Be5 bxc4 26. Qxc4 Nd5
27. Qc6 Rf8 28. b5 Bd8 29. Bd6 Be7 30. Rxd5 Qxd5 31. Qxd5 exd5 32. Bxe7 Rb8 33.
Nd4 f6 34. Bc5 Rb7 35. b6 Kf7 36. Nc6 Ke8 37. Na5  1-0

[Event "2. BUNDESLIGA MITTE 2017/2018"]
[Site "St. Valentin, Pinggau/Villach/Taufkirchen, Fuerstenfeld, St. Veit"]
[Date "2017.11.26"]
[Round "6"]
[Board "4"]
[White "Petschar, Kurt"]
[Black "Csonka, Attila"]
[Result "1/2-1/2"]
[WhiteElo "2269"]
[BlackElo "2378"]
[PlyCount "84"]
[EventDate "2017.10.27"]
[EventType "team"]
[EventRounds "11"]
[EventCountry "AUT"]
[WhiteTeam "SC DieKlagenfurter"]
[BlackTeam "SPG Fuerstenfeld/Hartberg"]

1. Nf3 Nc6 2. e4 e5 3. Bb5 Nge7 4. c3 g6 5. d4 exd4 6. cxd4 Bg7 7. Nc3 a6 8.
Ba4 b5 9. Bb3 Na5 10. Bc2 O-O 11. O-O d5 12. h3 h6 13. Re1 dxe4 14. Bxe4 Bb7
15. Bxb7 Nxb7 16. Bf4 Nf5 17. Be5 Re8 18. Bxg7 Rxe1+ 19. Qxe1 Kxg7 20. Qe5+ f6
21. Qf4 Nbd6 22. Rd1 c6 23. b3 Qd7 24. Re1 Re8 25. Rxe8 Nxe8 26. g4 Nfd6 27.
Ne4 Nxe4 28. Qxe4 Nc7 29. Nh4 Qe8 30. f3 Qxe4 31. fxe4 Ne6 32. Nf3 Nf4 33. h4
a5 34. a3 Nd3 35. Kf1 Kf7 36. Nd2 Ke6 37. Ke2 Nf4+ 38. Kf3 g5 39. h5 Kd6 40.
Ke3 Ng2+ 41. Kf2 Nf4 42. Ke3 Ng2+  1/2-1/2

[Event "2. BUNDESLIGA MITTE 2017/2018"]
[Site "St. Valentin, Pinggau/Villach/Taufkirchen, Fuerstenfeld, St. Veit"]
[Date "2017.11.26"]
[Round "6"]
[Board "5"]
[White "Spindelboeck, Gernot"]
[Black "Titz, Heimo"]
[Result "1/2-1/2"]
[WhiteElo "2218"]
[BlackElo "2137"]
[PlyCount "114"]
[EventDate "2017.10.27"]
[EventType "team"]
[EventRounds "11"]
[EventCountry "AUT"]
[WhiteTeam "SPG Fuerstenfeld/Hartberg"]
[BlackTeam "SC DieKlagenfurter"]

1. d4 Nf6 2. c4 e6 3. Nf3 b6 4. a3 Bb7 5. Nc3 Ne4 6. Qc2 f5 7. g3 Be7 8. Bg2
Nxc3 9. Qxc3 Bf6 10. Qd2 d6 11. O-O O-O 12. b4 Nd7 13. Bb2 Qe7 14. Rfd1 a5 15.
Bc3 axb4 16. axb4 Be4 17. Ne1 Bxg2 18. Kxg2 c6 19. Nf3 Rfc8 20. Qb2 Qe8 21. b5
Nf8 22. Ra6 cxb5 23. cxb5 Rxa6 24. bxa6 Qc6 25. Bd2 b5 26. Rc1 Qxa6 27. Rxc8
Qxc8 28. Qxb5 Qa8 29. Qb2 g5 30. Kg1 g4 31. Ne1 Qe4 32. Be3 h5 33. Qc2 Qd5 34.
Qd2 h4 35. gxh4 Bxh4 36. Bg5 Bxg5 37. Qxg5+ Kf7 38. e3 Qe4 39. Qh5+ Ng6 40.
Qh7+ Kf6 41. Qh5 e5 42. dxe5+ dxe5 43. h4 gxh3 44. Qxh3 Qb1 45. Kf1 Qb5+ 46.
Kg1 Qb1 47. Kf1 e4 48. Qh5 Qc1 49. Qe2 Nh4 50. Qc2 Qa1 51. Ke2 Qa6+ 52. Kd1 Qf1
53. Qe2 Qg1 54. Kd2 Kg5 55. f4+ exf3 56. Nxf3+ Nxf3+ 57. Qxf3 Qh2+  1/2-1/2

[Event "2. BUNDESLIGA MITTE 2017/2018"]
[Site "St. Valentin, Pinggau/Villach/Taufkirchen, Fuerstenfeld, St. Veit"]
[Date "2017.11.26"]
[Round "6"]
[Board "6"]
[White "Jakits, Leopold"]
[Black "Hatzl, Johannes"]
[Result "0-1"]
[WhiteElo "2128"]
[BlackElo "2068"]
[PlyCount "94"]
[EventDate "2017.10.27"]
[EventType "team"]
[EventRounds "11"]
[EventCountry "AUT"]
[WhiteTeam "SC DieKlagenfurter"]
[BlackTeam "SPG Fuerstenfeld/Hartberg"]

1. c4 Nf6 2. g3 e6 3. Bg2 d5 4. Nf3 Be7 5. O-O O-O 6. b3 b6 7. Bb2 Bb7 8. e3 c5
9. Nc3 Nc6 10. Qe2 Rc8 11. Rfd1 dxc4 12. bxc4 Qc7 13. d3 Rfd8 14. a4 h6 15. Nb5
Qb8 16. Bc3 a5 17. Ne5 Nb4 18. Ng4 Nd7 19. Nxh6+ gxh6 20. Qg4+ Kf8 21. Qg7+ Ke8
22. Qh8+ Nf8 23. Be5 Qa8 24. Bh3 Rd7 25. d4 Bf3 26. Rd2 Qe4 27. Qxh6 Ng6 28.
Nc3 Qb7 29. Bxe6 Nxe5 30. Qh8+ Bf8 31. Qxe5 fxe6 32. Qxe6+ Re7 33. Qf5 Rf7 34.
Qe6+ Be7 35. d5 Qd7 36. Qh6 Bf8 37. Qh8 Qf5 38. e4 Qg5 39. Nb5 Kd7 40. e5 Rg7
41. e6+ Ke7 42. d6+ Kxe6 43. d7 Rd8 44. Re1+ Kf6 45. Re8 Be7 46. Rxd8 Qxd2 47.
Qh4+ Kg6  0-1

[Event "2. BUNDESLIGA MITTE 2017/2018"]
[Site "St. Valentin, Pinggau/Villach/Taufkirchen, Fuerstenfeld, St. Veit"]
[Date "2017.11.26"]
[Round "6"]
[Board "1"]
[White "Menezes, Christoph"]
[Black "Sandhoefner, Florian"]
[Result "1/2-1/2"]
[WhiteElo "2404"]
[BlackElo "2313"]
[PlyCount "81"]
[EventDate "2017.10.27"]
[EventType "team"]
[EventRounds "11"]
[EventCountry "AUT"]
[WhiteTeam "UNION Ansfelden"]
[BlackTeam "ASK St. Valentin"]

1. d4 d5 2. Bf4 Nf6 3. e3 e6 4. Nf3 Bd6 5. Bg3 c5 6. c3 Nc6 7. Nbd2 O-O 8. Bb5
a6 9. Bxc6 bxc6 10. Qa4 Bxg3 11. hxg3 Qb6 12. Qc2 h6 13. Ne5 Nd7 14. Nxd7 Bxd7
15. Nb3 cxd4 16. cxd4 Rfe8 17. f4 Re7 18. Qc5 Qxc5 19. Nxc5 Bc8 20. Ke2 f6 21.
Nd3 Bd7 22. Rac1 Rb8 23. Rc3 Rb6 24. Rhc1 Kf7 25. R1c2 Be8 26. Ra3 Ra7 27. Rcc3
Ke7 28. Rcb3 Rxb3 29. Rxb3 Kd6 30. Nc5 e5 31. Rb8 Bh5+ 32. Kf2 exd4 33. exd4
Re7 34. Rb7 Rxb7 35. Nxb7+ Kc7 36. Nc5 Kb6 37. Ke3 Bg4 38. Kd3 Bf5+ 39. Ke3 Bg4
40. Kd3 Bf5+ 41. Ke3  1/2-1/2

[Event "2. BUNDESLIGA MITTE 2017/2018"]
[Site "St. Valentin, Pinggau/Villach/Taufkirchen, Fuerstenfeld, St. Veit"]
[Date "2017.11.26"]
[Round "6"]
[Board "2"]
[White "Heimberger, Reinhard"]
[Black "Felsberger, Alfred"]
[Result "0-1"]
[WhiteElo "2261"]
[BlackElo "2336"]
[PlyCount "104"]
[EventDate "2017.10.27"]
[EventType "team"]
[EventRounds "11"]
[EventCountry "AUT"]
[WhiteTeam "ASK St. Valentin"]
[BlackTeam "UNION Ansfelden"]

1. d4 Nf6 2. Nf3 e6 3. g3 c5 4. Bg2 d5 5. O-O Be7 6. b3 O-O 7. Bb2 Nc6 8. Nbd2
b6 9. c4 Ba6 10. Re1 Rc8 11. Rc1 Nxd4 12. Nxd4 cxd4 13. Bxd4 dxc4 14. Nxc4 Bxc4
15. Rxc4 Rxc4 16. bxc4 Qc7 17. Bxf6 Bxf6 18. Qc2 Rd8 19. Be4 g6 20. Bd3 Kg7 21.
Rb1 Bd4 22. Rd1 Be5 23. Rc1 Bd6 24. Qb2+ Kg8 25. Rc2 Bc5 26. Qf6 Rd4 27. Rc3
Rd6 28. Rb3 Qd7 29. Bc2 Bd4 30. Qf3 Qc7 31. Bd3 Kg7 32. e3 Bf6 33. Kg2 Qc5 34.
Qe4 Qa5 35. a3 Qd2 36. Bf1 Qa2 37. Rd3 Rxd3 38. Qxd3 Bb2 39. Qd6 Qxa3 40. Qxa3
Bxa3 41. Kf3 f5 42. Ke2 Kf6 43. Kd3 h5 44. Be2 Bb4 45. Bd1 e5 46. e4 f4 47. Ba4
Bc5 48. Ke2 g5 49. Be8 a5 50. f3 fxg3 51. hxg3 h4 52. gxh4 gxh4  0-1

[Event "2. BUNDESLIGA MITTE 2017/2018"]
[Site "St. Valentin, Pinggau/Villach/Taufkirchen, Fuerstenfeld, St. Veit"]
[Date "2017.11.26"]
[Round "6"]
[Board "3"]
[White "Weiss, Christian"]
[Black "Breneis, Lukas"]
[Result "1/2-1/2"]
[WhiteElo "2378"]
[BlackElo "2201"]
[PlyCount "75"]
[EventDate "2017.10.27"]
[EventType "team"]
[EventRounds "11"]
[EventCountry "AUT"]
[WhiteTeam "UNION Ansfelden"]
[BlackTeam "ASK St. Valentin"]

1. e4 c5 2. g3 Nc6 3. Bg2 Nf6 4. Ne2 d5 5. exd5 Nxd5 6. Nbc3 Nc7 7. O-O e5 8.
d3 Be7 9. f4 exf4 10. Nxf4 O-O 11. Be3 Bd7 12. Nfd5 Nxd5 13. Nxd5 Bh3 14. Bxh3
Qxd5 15. Qd2 Nd4 16. Bg2 Qd7 17. Rae1 Rad8 18. Qf2 b6 19. Kh1 Bf6 20. Be4 Be5
21. c3 f5 22. Bg2 Ne6 23. Qc2 Bb8 24. Qb3 Kh8 25. Bc1 Rf6 26. Rf3 f4 27. gxf4
Nxf4 28. Bxf4 Rxf4 29. Qe6 Qxe6 30. Rxe6 Rxf3 31. Bxf3 Bd6 32. a4 g6 33. Bc6
Kg7 34. Bb5 Kh6 35. Rf6 Kg7 36. Re6 Kh6 37. Rf6 Kg7 38. Re6  1/2-1/2

[Event "2. BUNDESLIGA MITTE 2017/2018"]
[Site "St. Valentin, Pinggau/Villach/Taufkirchen, Fuerstenfeld, St. Veit"]
[Date "2017.11.26"]
[Round "6"]
[Board "4"]
[White "Casagrande, Harald"]
[Black "Moser, Guenter"]
[Result "1/2-1/2"]
[WhiteElo "2318"]
[BlackElo "2301"]
[PlyCount "43"]
[EventDate "2017.10.27"]
[EventType "team"]
[EventRounds "11"]
[EventCountry "AUT"]
[WhiteTeam "ASK St. Valentin"]
[BlackTeam "UNION Ansfelden"]

1. d4 d5 2. Nf3 c6 3. c4 Nf6 4. Nc3 Bf5 5. cxd5 cxd5 6. Bf4 Nc6 7. e3 e6 8. Bd3
Bxd3 9. Qxd3 Bd6 10. Bxd6 Qxd6 11. O-O O-O 12. Rac1 Rac8 13. h3 h6 14. a3 a6
15. Nd2 e5 16. dxe5 Nxe5 17. Qd4 Nc6 18. Qd3 Ne5 19. Qd4 Nc6 20. Qd3 Ne5 21.
Qd4 Nc6 22. Qd3  1/2-1/2

[Event "2. BUNDESLIGA MITTE 2017/2018"]
[Site "St. Valentin, Pinggau/Villach/Taufkirchen, Fuerstenfeld, St. Veit"]
[Date "2017.11.26"]
[Round "6"]
[Board "5"]
[White "Knoll, Hermann"]
[Black "Tober, Gerhard"]
[Result "1-0"]
[WhiteElo "2333"]
[BlackElo "2214"]
[PlyCount "75"]
[EventDate "2017.10.27"]
[EventType "team"]
[EventRounds "11"]
[EventCountry "AUT"]
[WhiteTeam "UNION Ansfelden"]
[BlackTeam "ASK St. Valentin"]

1. Nf3 d5 2. d4 Nf6 3. c4 e6 4. Nc3 c6 5. e3 Nbd7 6. Qc2 Bd6 7. Be2 Qe7 8. O-O
O-O 9. Rd1 b6 10. e4 Nxe4 11. Nxe4 dxe4 12. Qxe4 Bb7 13. Bg5 f6 14. Bh4 Rf7 15.
c5 bxc5 16. Bc4 Re8 17. Re1 Nf8 18. dxc5 Bb8 19. Qe3 Kh8 20. Rad1 Bc8 21. Bg3
Bxg3 22. hxg3 Qb7 23. Qc3 Rd7 24. Rxd7 Qxd7 25. Nd2 Qe7 26. Ne4 Rd8 27. Nd6 Bd7
28. b4 Be8 29. f4 Rxd6 30. cxd6 Qxd6 31. Re2 Qd1+ 32. Kf2 Qd6 33. Rd2 Qe7 34.
Bb3 Kg8 35. Qd4 Bf7 36. Qd6 Qb7 37. Qc5 h5 38. Rd8  1-0

[Event "2. BUNDESLIGA MITTE 2017/2018"]
[Site "St. Valentin, Pinggau/Villach/Taufkirchen, Fuerstenfeld, St. Veit"]
[Date "2017.11.26"]
[Round "6"]
[Board "6"]
[White "Eder, Andreas"]
[Black "Mostbauer, Florian"]
[Result "0-1"]
[WhiteElo "2119"]
[BlackElo "2307"]
[PlyCount "100"]
[EventDate "2017.10.27"]
[EventType "team"]
[EventRounds "11"]
[EventCountry "AUT"]
[WhiteTeam "ASK St. Valentin"]
[BlackTeam "UNION Ansfelden"]

1. d4 d5 2. Bf4 c5 3. e3 cxd4 4. exd4 Nc6 5. c3 Nf6 6. Bd3 Bg4 7. Nf3 Qb6 8.
Qb3 Bxf3 9. Qxb6 axb6 10. gxf3 e6 11. Rg1 Kd7 12. Nd2 Nh5 13. Bg3 g6 14. Bb5
Bd6 15. Bxd6 Kxd6 16. Nb3 Na5 17. Nxa5 bxa5 18. a4 f6 19. O-O-O Nf4 20. h4 h6
21. Kd2 g5 22. Ke3 Rac8 23. Rc1 Ng6 24. hxg5 hxg5 25. Rh1 Nh4 26. Rcg1 Ng2+ 27.
Ke2 Nf4+ 28. Ke3 e5 29. dxe5+ Kxe5 30. Kd2 Rh4 31. Re1+ Kd6 32. Rhf1 Ng6 33.
Re3 Ne5 34. Rfe1 Rch8 35. b3 Rf4 36. Be2 Rh2 37. Rf1 Rh3 38. Re1 Rhxf3 39. Rxe5
fxe5 40. Bxf3 Rxf3 41. Re2 e4 42. Kc2 Ke5 43. Rd2 g4 44. Kb2 Rd3 45. Rc2 Kf4
46. b4 e3 47. fxe3+ Kxe3 48. Rc1 g3 49. c4 dxc4 50. Rxc4 g2  0-1

[Event "2. BUNDESLIGA MITTE 2017/2018"]
[Site "St. Valentin, Pinggau/Villach/Taufkirchen, Fuerstenfeld, St. Veit"]
[Date "2017.11.26"]
[Round "6"]
[Board "1"]
[White "Schmidt, Peter"]
[Black "Kociscak, Jiri"]
[Result "1-0"]
[WhiteElo "2392"]
[BlackElo "2490"]
[PlyCount "41"]
[EventDate "2017.10.27"]
[EventType "team"]
[EventRounds "11"]
[EventCountry "AUT"]
[WhiteTeam "SPG Sauwald"]
[BlackTeam "SV Steyregg"]

1. d4 f5 2. Nc3 d5 3. Bf4 a6 4. e3 Nf6 5. Nf3 e6 6. Bd3 c5 7. O-O Nc6 8. dxc5
Bxc5 9. Ne2 Bd6 10. c4 e5 11. cxd5 Nxd5 12. Bg3 e4 13. Bc4 Nb6 14. Nd2 Bxg3 15.
Nxg3 Qe7 16. Rc1 Ne5 17. Bb3 a5 18. Rxc8+ Nxc8 19. Nxf5 Qd7 20. Be6 Qc7 21.
Nxe4  1-0

[Event "2. BUNDESLIGA MITTE 2017/2018"]
[Site "St. Valentin, Pinggau/Villach/Taufkirchen, Fuerstenfeld, St. Veit"]
[Date "2017.11.26"]
[Round "6"]
[Board "2"]
[White "Velicka, Petr"]
[Black "Testor, Sebastian"]
[Result "1-0"]
[WhiteElo "2412"]
[BlackElo "2293"]
[PlyCount "33"]
[EventDate "2017.10.27"]
[EventType "team"]
[EventRounds "11"]
[EventCountry "AUT"]
[WhiteTeam "SV Steyregg"]
[BlackTeam "SPG Sauwald"]

1. d4 e6 2. c4 Nf6 3. g3 d5 4. Nf3 dxc4 5. Bg2 c5 6. O-O Nc6 7. Qa4 Bd7 8. Qxc4
b5 9. Qd3 Rc8 10. dxc5 Bxc5 11. Nc3 b4 12. Nb5 O-O 13. Nd6 Rc7 14. Bf4 Nd5 15.
Ng5 g6 16. Bxd5 exd5 17. Ndxf7  1-0

[Event "2. BUNDESLIGA MITTE 2017/2018"]
[Site "St. Valentin, Pinggau/Villach/Taufkirchen, Fuerstenfeld, St. Veit"]
[Date "2017.11.26"]
[Round "6"]
[Board "3"]
[White "Taggatz, Mario"]
[Black "Enoeckl, Philipp"]
[Result "0-1"]
[WhiteElo "2183"]
[BlackElo "2298"]
[PlyCount "90"]
[EventDate "2017.10.27"]
[EventType "team"]
[EventRounds "11"]
[EventCountry "AUT"]
[WhiteTeam "SPG Sauwald"]
[BlackTeam "SV Steyregg"]

1. d4 Nf6 2. Nf3 g6 3. c4 Bg7 4. Nc3 d6 5. e4 O-O 6. Be2 e5 7. d5 a5 8. Bg5 h6
9. Bh4 Na6 10. Nd2 Bd7 11. O-O Qe8 12. b3 h5 13. f3 Nh7 14. a3 Bh6 15. Qc2 Be3+
16. Kh1 Bd4 17. Rab1 Bc5 18. Qb2 f5 19. exf5 gxf5 20. Bf2 Qg6 21. Bxc5 Nxc5 22.
Qc2 Nf6 23. b4 axb4 24. axb4 Na4 25. Nd1 Nb6 26. Ne3 Ra3 27. Nb3 Qg5 28. Qc1
Ra2 29. Nc2 f4 30. g3 Qf5 31. Rb2 Rxb2 32. Qxb2 fxg3 33. Rg1 h4 34. Ne3 Qg5 35.
Nf1 Nh5 36. Qc1 Rf4 37. Ne3 Bh3 38. Bf1 Bxf1 39. Qxf1 e4 40. Nd4 Qf6 41. Ne6
Rxf3 42. Qe2 Ng7 43. Nxg7 Rf2 44. Nh5 Qf3+ 45. Qxf3 Rxh2#  0-1

[Event "2. BUNDESLIGA MITTE 2017/2018"]
[Site "St. Valentin, Pinggau/Villach/Taufkirchen, Fuerstenfeld, St. Veit"]
[Date "2017.11.26"]
[Round "6"]
[Board "4"]
[White "Pierecker, Markus"]
[Black "Hellmayr, Alois"]
[Result "1/2-1/2"]
[WhiteElo "2204"]
[BlackElo "2256"]
[PlyCount "61"]
[EventDate "2017.10.27"]
[EventType "team"]
[EventRounds "11"]
[EventCountry "AUT"]
[WhiteTeam "SV Steyregg"]
[BlackTeam "SPG Sauwald"]

1. e4 c5 2. Nf3 e6 3. d4 cxd4 4. Nxd4 Nc6 5. Nc3 Qc7 6. Be2 Nf6 7. Be3 a6 8.
O-O Be7 9. f4 d6 10. Kh1 O-O 11. Qe1 Nxd4 12. Bxd4 b5 13. e5 Ne8 14. Bd3 Bb7
15. Ne4 Rd8 16. Bc3 Rd7 17. Qg3 Bxe4 18. Bxe4 d5 19. Bd3 d4 20. Bd2 g6 21. a4
Qb7 22. axb5 axb5 23. Ra5 Nc7 24. Qf3 Qb6 25. Rfa1 b4 26. Bc4 Rb8 27. h3 Bf8
28. Kh2 Rdd8 29. Be1 Rbc8 30. Bf2 Bc5 31. Qe4  1/2-1/2

[Event "2. BUNDESLIGA MITTE 2017/2018"]
[Site "St. Valentin, Pinggau/Villach/Taufkirchen, Fuerstenfeld, St. Veit"]
[Date "2017.11.26"]
[Round "6"]
[Board "5"]
[White "Hiermann, Dietmar"]
[Black "Wiesinger, Robert"]
[Result "0-1"]
[WhiteElo "2257"]
[BlackElo "2201"]
[PlyCount "96"]
[EventDate "2017.10.27"]
[EventType "team"]
[EventRounds "11"]
[EventCountry "AUT"]
[WhiteTeam "SPG Sauwald"]
[BlackTeam "SV Steyregg"]

1. e4 e5 2. Nf3 Nc6 3. Bc4 Bc5 4. c3 Nf6 5. d3 a6 6. Bb3 d6 7. Nbd2 O-O 8. h3
Be6 9. Nf1 h6 10. Ng3 d5 11. Qe2 dxe4 12. dxe4 Bxb3 13. axb3 Qd7 14. b4 Ba7 15.
Bd2 Rfd8 16. b5 axb5 17. Qxb5 Be3 18. Rd1 Bf4 19. O-O Bxg3 20. fxg3 Nxe4 21.
Rfe1 Nd6 22. Qb3 e4 23. Nh2 Ne5 24. Bf4 Nd3 25. Re2 Nxf4 26. gxf4 Qa4 27. Qxa4
Rxa4 28. Nf1 Rda8 29. g4 Ra1 30. Rd5 Rb1 31. Kf2 Ra2 32. b4 Rxe2+ 33. Kxe2 Rc1
34. Rc5 c6 35. h4 g6 36. h5 gxh5 37. Rxh5 Rxc3 38. Rxh6 Nc4 39. g5 Rb3 40. Nh2
Rb2+ 41. Ke1 Ne3 42. Rh3 Ng2+ 43. Kd1 Nxf4 44. Rh4 Ng6 45. Rh5 e3 46. Nf3 Rb1+
47. Kc2 Rf1 48. Nd4 e2  0-1

[Event "2. BUNDESLIGA MITTE 2017/2018"]
[Site "St. Valentin, Pinggau/Villach/Taufkirchen, Fuerstenfeld, St. Veit"]
[Date "2017.11.26"]
[Round "6"]
[Board "6"]
[White "Meyer, Gordon"]
[Black "Maier, Christoph"]
[Result "1-0"]
[WhiteElo "2182"]
[BlackElo "2179"]
[PlyCount "123"]
[EventDate "2017.10.27"]
[EventType "team"]
[EventRounds "11"]
[EventCountry "AUT"]
[WhiteTeam "SV Steyregg"]
[BlackTeam "SPG Sauwald"]

1. e4 d5 2. exd5 Qxd5 3. Nc3 Qa5 4. Bc4 Nf6 5. h3 c6 6. Qe2 Bf5 7. Nf3 Nbd7 8.
O-O e6 9. d4 Bd6 10. Nh4 Bg6 11. Bd2 Qc7 12. Nxg6 hxg6 13. d5 cxd5 14. Nxd5
Nxd5 15. Bxd5 O-O-O 16. Bf3 Nf6 17. Be3 Kb8 18. Rfd1 Bf4 19. Bxf4 Qxf4 20. Qb5
Qc7 21. Rxd8+ Rxd8 22. Rd1 Rxd1+ 23. Bxd1 Qd7 24. Qxd7 Nxd7 25. h4 Kc7 26. Kf1
Kd6 27. Ke2 Nc5 28. Ke3 e5 29. f4 Ne6 30. fxe5+ Kxe5 31. Bf3 b6 32. c3 g5 33.
hxg5 Nxg5 34. Bb7 f5 35. a4 Nf7 36. Kd3 g5 37. b4 f4 38. c4 Nd8 39. Bf3 Ne6 40.
Bg4 Nc7 41. c5 bxc5 42. b5 Nd5 43. Bf3 Kd6 44. a5 c4+ 45. Kxc4 Ne3+ 46. Kd4 g4
47. Be4 Kc7 48. g3 Nf1 49. gxf4 Nd2 50. Bd5 g3 51. Ke3 Nb1 52. Kf3 Nc3 53. Bc4
Ne4 54. Bd3 Nc5 55. Bf1 Nb3 56. a6 Nd2+ 57. Kg2 Ne4 58. f5 Nd6 59. Bd3 Kb6 60.
f6 Kc5 61. Kxg3 Kd4 62. b6  1-0

[Event "2. BUNDESLIGA MITTE 2017/2018"]
[Site "St. Valentin, Pinggau/Villach/Taufkirchen, Fuerstenfeld, St. Veit"]
[Date "2017.11.26"]
[Round "6"]
[Board "1"]
[White "Plat, Vojtech"]
[Black "Heinemann, Thies"]
[Result "1/2-1/2"]
[WhiteElo "2566"]
[BlackElo "2508"]
[PlyCount "149"]
[EventDate "2017.10.27"]
[EventType "team"]
[EventRounds "11"]
[EventCountry "AUT"]
[WhiteTeam "Leoben"]
[BlackTeam "RbEj Gleisdorf"]

1. d4 Nf6 2. c4 e6 3. Nc3 Bb4 4. Qc2 Nc6 5. Nf3 d6 6. Bd2 O-O 7. a3 Bxc3 8.
Bxc3 Qe7 9. e3 a5 10. Be2 e5 11. dxe5 dxe5 12. h3 a4 13. O-O Re8 14. Nd2 e4 15.
f3 exf3 16. Rxf3 Ne5 17. Rf2 c5 18. Raf1 Ra6 19. Nf3 Ng6 20. Bd3 Rd8 21. Re1
Re6 22. Bxf6 Rxf6 23. Be4 Re6 24. Bd5 Ra6 25. Qd2 Be6 26. e4 h6 27. Qc3 Ra7 28.
Ref1 b6 29. Nh2 Qg5 30. Ng4 Re8 31. Rf5 Bxf5 32. Rxf5 Qh4 33. g3 Qd8 34. Qf3
Ree7 35. h4 Qb8 36. h5 Nf8 37. e5 Nh7 38. Qf4 Qd8 39. Nf6+ Kh8 40. Ne4 Rad7 41.
Bxf7 Ng5 42. Nxg5 hxg5 43. Qxg5 Rd1+ 44. Kh2 Qd3 45. Bd5 Qd2+ 46. Qxd2 Rxd2+
47. Kh3 g6 48. Rf8+ Kh7 49. Rd8 Kh6 50. Rd6 Rg7 51. e6 Rxb2 52. hxg6 Kg5 53.
Be4 Re2 54. Bd3 Re3 55. Rd5+ Kf6 56. Kg4 Rxe6 57. Kf4 Rge7 58. Bf5 Re3 59. Rd6+
Kg7 60. Rxb6 Rxa3 61. Ra6 Ra1 62. Kg5 a3 63. g4 Rc1 64. Rxa3 Rxc4 65. Rh3 Re1
66. Rh7+ Kg8 67. Rc7 Rb4 68. Rxc5 Rb7 69. Rc2 Kg7 70. Rh2 Kg8 71. Rh3 Ra7 72.
Bc2 Rb7 73. Kh6 Re6 74. Bb3 Rh7+ 75. Kg5  1/2-1/2

[Event "2. BUNDESLIGA MITTE 2017/2018"]
[Site "St. Valentin, Pinggau/Villach/Taufkirchen, Fuerstenfeld, St. Veit"]
[Date "2017.11.26"]
[Round "6"]
[Board "2"]
[White "Polzin, Rainer"]
[Black "Baumegger, Siegfried"]
[Result "1-0"]
[WhiteElo "2401"]
[BlackElo "2443"]
[PlyCount "95"]
[EventDate "2017.10.27"]
[EventType "team"]
[EventRounds "11"]
[EventCountry "AUT"]
[WhiteTeam "RbEj Gleisdorf"]
[BlackTeam "Leoben"]

1. e4 c5 2. Nc3 d6 3. f4 g6 4. Nf3 Bg7 5. Bb5+ Bd7 6. Bc4 Nc6 7. O-O e6 8. d3
Nge7 9. f5 gxf5 10. Ng5 h6 11. Nxf7 Kxf7 12. exf5 Nxf5 13. Rxf5+ Kg8 14. Rf1
Qe7 15. Bf4 Nd4 16. Qd2 d5 17. Bb3 Bc6 18. Rae1 Nxb3 19. axb3 Rf8 20. Qe2 d4
21. Ne4 e5 22. Nd2 Kh7 23. Bxe5 Rxf1+ 24. Qxf1 Rf8 25. Bf4 Qh4 26. g3 Qg4 27.
Re7 Kg8 28. h3 Qf5 29. Ne4 h5 30. Qg2 Bf6 31. Rc7 Bd8 32. Rxc6 bxc6 33. Bd6 Re8
34. g4 Qd5 35. Bf4 Kh8 36. Qg3 Rxe4 37. dxe4 Qxe4 38. Be5+ Kg8 39. gxh5+ Kf7
40. Qf4+ Qxf4 41. Bxf4 Bf6 42. Kf2 Ke6 43. Ke2 c4 44. bxc4 d3+ 45. cxd3 Bxb2
46. Kd2 Kf5 47. Be3 a6 48. Kc2  1-0

[Event "2. BUNDESLIGA MITTE 2017/2018"]
[Site "St. Valentin, Pinggau/Villach/Taufkirchen, Fuerstenfeld, St. Veit"]
[Date "2017.11.26"]
[Round "6"]
[Board "3"]
[White "Horvath, Peter"]
[Black "Frosch, Erich"]
[Result "1-0"]
[WhiteElo "2421"]
[BlackElo "2202"]
[PlyCount "67"]
[EventDate "2017.10.27"]
[EventType "team"]
[EventRounds "11"]
[EventCountry "AUT"]
[WhiteTeam "Leoben"]
[BlackTeam "RbEj Gleisdorf"]

1. d4 Nf6 2. Nf3 b6 3. Bg5 Bb7 4. Nbd2 h6 5. Bxf6 exf6 6. e4 g6 7. Bd3 Bg7 8.
O-O O-O 9. c3 Nc6 10. Qc2 Qe7 11. Nc4 h5 12. Ne3 Rfe8 13. Rae1 a5 14. Re2 a4
15. Rfe1 Qd8 16. Nd2 Bh6 17. Ndf1 Ne7 18. a3 Nc8 19. Nc4 Qe7 20. Nfe3 Nd6 21.
e5 Nxc4 22. Bxc4 f5 23. Bd5 c6 24. Bf3 Ba6 25. c4 f4 26. Nf1 b5 27. d5 Qc5 28.
dxc6 dxc6 29. e6 f5 30. Re5 Qb6 31. e7 Rac8 32. Re6 Bg7 33. Rxg6 bxc4 34. Qc3
 1-0

[Event "2. BUNDESLIGA MITTE 2017/2018"]
[Site "St. Valentin, Pinggau/Villach/Taufkirchen, Fuerstenfeld, St. Veit"]
[Date "2017.11.26"]
[Round "6"]
[Board "4"]
[White "Wegerer, Fred"]
[Black "Bachler, Reinhard"]
[Result "1-0"]
[WhiteElo "2135"]
[BlackElo "2179"]
[PlyCount "81"]
[EventDate "2017.10.27"]
[EventType "team"]
[EventRounds "11"]
[EventCountry "AUT"]
[WhiteTeam "RbEj Gleisdorf"]
[BlackTeam "Leoben"]

1. g3 f5 2. d3 Nf6 3. Bg2 Nc6 4. c4 b6 5. b4 Bb7 6. Bb2 e6 7. b5 Bb4+ 8. Nd2
Na5 9. Ngf3 a6 10. O-O axb5 11. cxb5 O-O 12. Qc2 Bxd2 13. Qxd2 c5 14. bxc6 Bxc6
15. Rfc1 Qb8 16. Qb4 Bd5 17. Be5 Qb7 18. Rc7 Qa6 19. Bxf6 gxf6 20. Rxd7 Rf7 21.
Rxd5 exd5 22. Nh4 Nc6 23. Qf4 Rd8 24. Nxf5 Kh8 25. Rc1 b5 26. Nd6 Rff8 27. Nf5
Qb6 28. d4 Rd7 29. e3 Na5 30. Rc5 Nb7 31. Qh6 Rg8 32. Rxd5 Rf7 33. Qf4 Rc8 34.
Be4 b4 35. h4 Rd8 36. h5 b3 37. axb3 Qxb3 38. Rxd8+ Nxd8 39. Qd6 Ne6 40. Nh6
Rg7 41. Bd5  1-0

[Event "2. BUNDESLIGA MITTE 2017/2018"]
[Site "St. Valentin, Pinggau/Villach/Taufkirchen, Fuerstenfeld, St. Veit"]
[Date "2017.11.26"]
[Round "6"]
[Board "5"]
[White "Schein, Karl-Heinz"]
[Black "Wanderer, Thomas"]
[Result "1/2-1/2"]
[WhiteElo "2177"]
[BlackElo "2213"]
[PlyCount "75"]
[EventDate "2017.10.27"]
[EventType "team"]
[EventRounds "11"]
[EventCountry "AUT"]
[WhiteTeam "Leoben"]
[BlackTeam "RbEj Gleisdorf"]

1. e4 c5 2. f4 g6 3. Nf3 Bg7 4. Nc3 Nc6 5. Bb5 Nd4 6. Nxd4 cxd4 7. Ne2 a6 8.
Bc4 e6 9. d3 b5 10. Bb3 Bb7 11. O-O Ne7 12. Qe1 d5 13. e5 Qb6 14. Qf2 Nf5 15.
c3 h5 16. Nxd4 Rc8 17. Nxf5 Qxf2+ 18. Rxf2 gxf5 19. Be3 Bf8 20. Bd1 b4 21. Bd4
Bc6 22. Kf1 Bb5 23. Ke2 a5 24. Ke3 Kd7 25. Bf3 h4 26. Rff1 Be7 27. Rfc1 bxc3
28. Bxc3 Bc5+ 29. Bd4 Be7 30. Bb6 a4 31. d4 f6 32. exf6 Bxf6 33. Bc5 Rc7 34.
Rc3 Rhc8 35. Rac1 Bc4 36. Rxc4 dxc4 37. Rxc4 Be7 38. Rxa4  1/2-1/2